Mary on a Cross Lyrics-Ghost - Statistics

General Stats
  • This quiz has been taken 441 times
  • The average score is 221 of 286
Answer Stats
Answer % Correct
a
98%
you
96%
You
96%
Down
93%
down
93%
go
93%
Mary
93%
cross
92%
just
92%
on
92%
I
88%
like
88%
Holy
85%
to
84%
To
84%
We
81%
we
81%
Bloody
80%
me
80%
Not
80%
the
79%
another
78%
that
78%
with
77%
And
76%
will
76%
never
75%
were
75%
nothing
74%
Nothing
74%
see
74%
wrong
74%
If
73%
away
72%
be
72%
run
72%
choose
71%
tickle
70%
let
68%
Your
68%
internally
66%
All
64%
all
64%
dark
64%
is
64%
But
63%
of
63%
scared
63%
was
63%
beauty
62%
together
62%
ever
61%
speeding
60%
avenues
59%
high
59%
truth
59%
matter
58%
for
56%
got
56%
riding
53%
through
53%
It
50%
sorrow
50%
blues
48%
fools
45%
by
44%
found
42%
besides
41%
searching
41%
quickly
40%
rules
40%
bruised
39%
reasons
39%
cities
38%
play
38%
dues
36%
Rocking
36%
pay
35%
stardom
34%
glamour
33%
We'll
32%
scanning
31%
this
28%
Now
27%
No matching quizzes found
Score Distribution
Percent of People with Each Score
Percentile by Number Answered
Your Score History
You have not taken this quiz